Companion Proceedings of the 6th International Conference on the Art, Science, and Engineering of Programming

Detalles Bibliográficos
Otros Autores: Aguiar
Formato: Electrónico Libro
Lenguaje:English
Publicado: Association for Computing Machinery (ACM), 3/21/22
Materias:
Acceso en línea:Full text available on Research4Life (ACM)
Classic Catalogue: View this record in Classic Catalogue
LEADER 00903cam a2200181 a 4500
001 AALConferenceProceedingsResearch4Life(ACM)009397
008 240908c9999 xx r poo 0 0eng d
020 |a 9781450396561 
040 |a BD-DhAAL  |c BD-DhAAL 
245 0 0 |h [electronic resource]  |a Companion Proceedings of the 6th International Conference on the Art, Science, and Engineering of Programming 
260 1 |b Association for Computing Machinery (ACM),  |c 3/21/22 
300 |a 1 online resource 
500 |a <strong>On-Campus Access Only (IP based access)</strong> 
506 |a Electronic access restricted to authorized BRAC University faculty, staff and students 
538 |a Mode of access: Internet 
655 7 |a Conference papers and proceedings.  |2 Library of Congress 
700 1 |a Aguiar 
856 4 0 |z Full text available on Research4Life (ACM)  |u https://login.research4life.org/tacsgr1dl_acm_org/doi/book/10.1145/3532512